| 000 | 01045cam a2200217 4500 | ||
|---|---|---|---|
| 001 | ABS67221 | ||
| 008 | 031121n2003 000 0 eng u | ||
| 035 | _a(Sirsi) u124424 | ||
| 100 | _aHoward, P. | ||
| 245 | _aSpecial report on plant hire | ||
| 260 | _c2003 | ||
| 490 |
_aContract Journal _v420(6449) 22 October 2003, 13-35(16) |
||
| 520 | _aA series of articles deal with issues related to plant hire. "Full service ahead" looks at whether service rather than consolidation is the answer to low hire rate and thin margins; "The key to success" reviews the progress of one particular family firm Keyway; "Flying high" examines the effect of a recent important takeover in the sector; "Under starters orders" is an overview of test runs of a selection of tippers; "Making a comeback" looks at the return of the Volvo truck in the tipper truck market. | ||
| 590 | _aABS | ||
| 650 | _aPLANT AND MACHINERY | ||
| 650 | _aPLANT HIRE | ||
| 690 |
_aBlock management _96220 |
||
| 700 | _aAshcroft, G. | ||
| 700 | _aSowman, C. | ||
| 942 | _n0 | ||
| 999 |
_c73827 _d73827 |
||